Vista normal Vista MARC

Entrada Corporate Name

Número de registros utilizados en: 1

001 - CONTROL NUMBER

  • control field: 36727

003 - CONTROL NUMBER IDENTIFIER

  • control field: OSt

005 - DATE AND TIME OF LATEST TRANSACTION

  • control field: 20210412123628.0

008 - FIXED-LENGTH DATA ELEMENTS

  • fixed length control field: 210412|| aca||aabn | a|a d

040 ## - CATALOGING SOURCE

  • Original cataloging agency: OSt
  • Transcribing agency: OSt

110 ## - HEADING--CORPORATE NAME

  • Corporate name or jurisdiction name as entry element: Colombia.
  • Subordinate unit: Contraloría General de la Nación

670 ## - SOURCE DATA FOUND

  • Source citation: Work cat.: (OSt)11437: contarloria general de la republica 25515, Manual de contabilidad para administración tributaria 1988 / , 1988.